Представление документа в формате RUSMARC

ПолеНазваниеЗначение
  Тип записи a
  Библиографический уровень m
001 Контрольный номер 885bac335b5f4cebb11494b87d5ecdbe
005 Дата корректировки 20260602141303.6
010 Индекс ISBN __
a ISBN 978-5-4315-4623-5
b Уточнения в пер.
9 Тираж 4000 экз.
d Цена 1973-00
100 Данные общей обработки __
a Данные общей обработки 20260601d2025 bc y0rusy028902 ca
101 Язык документа 0_
a Язык текста rus
102 Страна публикации __
a Страна публикации RU
105 Кодированные данные (монография) __
a Кодированные данные (монография) ac z 000ay
181 Поле кодированных данных: вид содержания _0
a Код вида содержания (ISBD) i
182 Поле кодированных данных: тип средства _0
a Код типа средства (ISBD) n
200 Заглавие и сведения об ответственности 1_
a Заглавие Штрихкод для подарка
e Сведения, относящиеся к заглавию [сказочная повесть] : для чтения взрослыми детям
f Первые сведения об ответственности Ольга Попова
g Последующие сведения об ответственности иллюстратор Анастасия Базарова
203 Вид содержания и тип средства __
a Вид содержания Текст
c Тип средства непосредственный
210 Выходные данные 1_
a Место издания Москва
c Издательство Мозаика
c Издательство Мозаика-Синтез
d Дата издания 2025
215 Физическое описание __
a Объем 46, [1] с.
c Иллюстрации/тип воспроизводства цв. ил., портр.
d Формат 26 см
225 Серия 2_
a Серия Книжный клуб
i Наименование части Сам почитаю!
300 Общие примечания __
a Общие примечания Информация об авторе и иллюстраторе на 4-й с. обложки
330 Аннотация __
a Аннотация Книга "Штрихкод для подарка" серии "Книжный клуб. Сам почитаю!" - это волшебная повесть о том, что чудеса случаются до тех пор, пока ты в них веришь. Однажды в городе накануне Нового года появляется необычный пункт выдачи. Там выдают подарки не за деньги... а за добрые дела, отмеченные в специальном приложении на телефоне. Тимофей давно не верит в Деда Мороза. Заставит ли внезапная травма младшей сестры переосмыслить отношение мальчика к чудесам?
333 Примечание о целевом назначении __
a Примечание о целевом назначении 0+
606 Тематические рубрики __
2 Код системы nlr_sh
a Основная рубрика Художественная литература
606 Тематические рубрики __
2 Код системы nlr_sh
a Основная рубрика Современная русская литература (произведения)
610 Ключевые слова 0_
a Ключевые слова детская литература
610 Ключевые слова 0_
a Ключевые слова современная проза
610 Ключевые слова 0_
a Ключевые слова русская литература
610 Ключевые слова 0_
a Ключевые слова повести-сказки
610 Ключевые слова 0_
a Ключевые слова повести для детей
610 Ключевые слова 0_
a Ключевые слова тема детей
610 Ключевые слова 0_
a Ключевые слова тема чудес
610 Ключевые слова 0_
a Ключевые слова тема подарков
610 Ключевые слова 0_
a Ключевые слова тема Нового года
610 Ключевые слова 0_
a Ключевые слова тема волшебства
610 Ключевые слова 0_
a Ключевые слова волшебные истории
610 Ключевые слова 0_
a Ключевые слова тема добрых дел
610 Ключевые слова 0_
a Ключевые слова добрые дела
686 Индексы других классификаций __
2 Код системы rubbks
a Классификационный индекс мл84
700 Автор _1
a Фамилия Попова
b Имя О. О.
g Полное личное имя Ольга Олеговна
4 Код отношения 070
702 Вторичная интеллектуальная ответственность _1
a Фамилия Базарова
b Имя А.
g Полное личное имя Анастасия
4 Код отношения 440
801 Источник записи _0
b Организация Муниципальное бюджетное учреждение культуры "Централизованная библиотечная система" г. Сургут (Центральная городская библиотека им. А. С. Пушкина)
a Страна RU
c Дата составления 20260601
g Правила каталогизации PSBO
801 Источник записи _1
b Организация Муниципальное бюджетное учреждение культуры "Централизованная библиотечная система" г. Сургут (Центральная городская библиотека им. А. С. Пушкина)
a Страна RU
c Дата составления 20260601
g Правила каталогизации PSBO
852 Данные о местонахождении 5_
i Авторский знак П 58
j Шифр хранения мл84
900 Макрообъекты __
a Макрообъекты Штрихкод для подарка. Попова, О. О., 2025
901 Тип документа __
a Ответственный ООФиК/Волкова
t Тип документа m
901 Тип документа __
a Ответственный 6 партия
903 Характеристики (МАРС) __
a Дата передачи 20260601
c Наименование библиотеки (МАРС) Муниципальное бюджетное учреждение культуры "Централизованная библиотечная система" г. Сургут (Центральная городская библиотека им. А. С. Пушкина)
969 Тип издания __
a Тип издания брошюра
a Тип издания издание для детей
a Тип издания Ф 26
990 Данные о заказе (DOS) __
j Количество экземпляров (DOS) 10
t N записи в КСУ для И/У (DOS) 202606